| 000 | 00937nam a2200229Ia 4500 | ||
|---|---|---|---|
| 001 | L808-32495 | ||
| 003 | IT-CnALBA | ||
| 008 | 170116s9999||||xx |||||||||||||| ||und|| | ||
| 040 |
_aIT-CnALBA _cIT-CnALBA |
||
| 041 | _aITALIANO | ||
| 100 | _aWAST HUGO, (MARTINEZ ZUIRIA), ARGENTINO | ||
| 245 | 0 | _aFIOR DI PESCO. ROMANZO. | |
| 250 | _a1a ed. | ||
| 260 |
_bBEGNOZZI A. TIPOGRAFO EDITORE. MANTOVA _c1922 [1° Ed.:1922] |
||
| 300 | _a317 p. | ||
| 500 | _aTRADUZIONE DI BENEDETTO NERI. VIRTÙ. TRAVIAMENTO CORRUZIONE. RINNOVAMENTO E CONVERSIONE DI UNA FANCIULLA DI CAMPAGNA. | ||
| 501 | _aSocietà San Paolo EM - Piazza San Paolo, 14 - 12051 ALBA (CN) (non commercial uses only) ® Copyright 2017 | ||
| 520 | _aTRADUZIONE DI BENEDETTO NERI. VIRTÙ. TRAVIAMENTO CORRUZIONE. RINNOVAMENTO E CONVERSIONE DI UNA FANCIULLA DI CAMPAGNA. | ||
| 650 | _aNARRATIVA DI VARIE LETTERATURE - ROMANZI | ||
| 942 | _cBK | ||
| 957 | _71 | ||
| 999 |
_a37264 _bSI _g Copie: 1 _c291328 _d291328 |
||